000 00462nam a22001697a 4500
003 OSt
005 20120302145045.0
008 090420t xxu||||| |||| 00| 0 eng d
035 _a२८५१
040 _cमराठी
100 _aतल्हार, मनोहर
_93668
245 _aनिःसंग
250 _a१ ली
260 _aपुणे
_bअनुपम
_c१९७८
300 _b१२४ पाने
942 _2ddc
_cBOOK
999 _c488843
_d488840